000 002470000a22000850004500
245 1 0 _aEscrituras para todas las escuelas de sordos de Bogotá
300 _aVol. 58, Núm 264 (2003), Páginas 14-15
773 0 _tLa Biblia de las Américas
942 _cANA
999 _c51745
_d51745